El recurso de nulidad en materia penal: jurisprudencia de la Corte Suprema, 2001-2013
Đã lưu trong:
| Tác giả chính: | |
|---|---|
| Định dạng: | Sách |
| Ngôn ngữ: | Tiếng Tây Ban Nha |
| Được phát hành: |
Santiago
Centro de Estudios de la Justicia
2015
|
| Phiên bản: | 1a. ed |
| Những chủ đề: | |
| Các nhãn: |
Thêm thẻ
Không có thẻ, Là người đầu tiên thẻ bản ghi này!
|
MARC
| LEADER | 00000cam a2200000 a 4500 | ||
|---|---|---|---|
| 001 | UCE7713 | ||
| 003 | CL-VaPUC | ||
| 008 | 150703e20150000cl |||||||||||||||||spa|d | ||
| 020 | |a 9789561908901 | ||
| 082 | 0 | 4 | |a 345.8305 |b HOR |2 21 |
| 100 | |a Horvitz Lennon, María Inés |e author |9 580393 | ||
| 245 | 1 | 3 | |a El recurso de nulidad en materia penal: jurisprudencia de la Corte Suprema, 2001-2013 |
| 250 | |a 1a. ed | ||
| 300 | |a 1047 p | ||
| 942 | |c BK | ||
| 945 | |d 20150703 10:05:00 |a dcastane | ||
| 260 | |a Santiago |b Centro de Estudios de la Justicia |c 2015 | ||
| 650 | 0 | |a Derecho procesal penal |9 256392 | |
| 650 | 7 | |a DERECHO PENAL CHILENO |2 CL-VaPUC |9 580394 | |
| 650 | 7 | |a REFORMAS LEGALES |2 CL-VaPUC |9 446410 | |
| 650 | 0 | |a Jurisprudencia |9 255952 | |
| 650 | 0 | |a Obligaciones |9 255578 | |
| 583 | |a last modification |c 20150703 10:05:00 |k Rodrigo Vera | ||
| 999 | |c 359748 |d 359746 | ||
| 952 | |0 0 |1 0 |3 erb |4 0 |6 345_830500000000000_HOR_2015 |7 0 |8 A |9 469281 |a BIBDER |b BIBDER |i 5168902 |l 4 |o 345.8305 HOR 2015 |p 5168902 |r 2024-01-08 |s 2024-01-08 |w 2019-11-23 |y BK |z Catalogado en:20150703 |k DER | ||